Filmographie de Brad Pitt par images - Statistiques

Statistiques générales
  • Ce quiz a été pris 613 fois
  • Le résultat moyen est 12 sur 21
Statistiques - réponses
Par images Hint Réponse % Correct
1999 Fight Club
91%
2004 Troie
85%
1995 Seven
81%
2022 Bullet Train
77%
2019 Once upon a time... in Hollywood
76%
2001 Ocean's Eleven
71%
2014 Fury
69%
2005 Mr. et Mrs. Smith
66%
2008 L'Étrange Histoire de Benjamin Button
63%
2022 Babylon
62%
2013 World War Z
60%
1994 Entretien avec un vampire
54%
2009 Inglourious Basterds
53%
2000 Snatch
50%
2010 Megamind
46%
1991 Thelma et Louise
38%
2018 Deadpool 2
35%
1995 L'armée des 12 singes
31%
2015 The Big Short
29%
2011 The Tree of Life
23%
1992 Cool World
10%
Aucun quiz correspondant
Distribution des résultats
% des personnes avec chaque résultat
Percentile par nombre de réponses
Votre historique - résultats
Vous n’avez pas pris ce quiz